00705nam a2200181Ia 4500008004100000020001800041041000800059082001800067100002200085245011300107260002000220300000700240365001600247700002200263906005000285999001900335952016900354230718s9999 xx 000 0 und d a9789351104506 aeng a005.13'3bLAN aLanaro G.9196064 aPython High Performance ProgrammingbBoost The Performance Of Your Python Programs Using Advanced Techniques c2014bPACKT/SPD a95 cRs.b250.00 aLanaro G.9196064 dO:0388422-May-2014B:559108-Apr-2014cCOMPb55 c336170d336170 00104070aCCEPbCCEPd2014-05-22eTechnical Book ServicesfCOMPg195.00i5591l0o005.13'3pCCEP-BK-47377r2023-07-18 00:00:00t55v250.00w2014-04-08yBKz047377